000 00696nam a2200229Ia 4500
001 15991
003 GE_BSU
008 181216s||||||||xx |||||||||||||| ||und||
040 _cGE_BSU
080 _a821.353.1-1
100 _aჯავახაძე, ვახტანგ
245 _aათასი მზე
245 _bლექსები
245 _cრედ.გ.ხარანაული. მხ.დ.დუნდუა
260 _aთბილისი
260 _bსაბჭ. საქართველო
260 _c1968
300 _a98გვ. : ილ. ; 14სმ.
653 _aათასი მზე
653 _aლექსები
942 _cBK
999 _c49084
_d49084